Tarihin cenderesinde Yunanistan ve Türkiye'de milliyetçilik (Record no. 10147)

MARC details
000 -BAŞLIK
Sabit Uzunlukta Kontrol Alanı 01101na a2200325 4500
001 - KONTROL NUMARASI
Denetim Alanı 15235
003 - KONTROL NUMARASI IDENTIFIER
Denetim Alanı MIRAKIL
005 - SON İŞLEM TARİHİ VE ZAMANI
Denetim Alanı 20181213155308.0
008 - SABİT-BOY VERİ ELEMANLARI - GENEL BİLGİLER
Sabit Uzunlukta Kontrol Alanı 160906b tu 000 0
020 ## - ULUSLARARASI STANDART KİTAP NUMARASI
Uluslararası Standart Kitap Numarası 9786053993148
035 ## - SİSTEM KONTROL NUMARASI
Sistem Kontrol Numarası 15235
040 ## - KATALOGLAMA KAYNAK
Orijinal Kataloglama Ajansı Milas
Kataloglama Dili tur
Metne Dönüştürmek Ajansı TR-AnCHP
082 ## - DEWEY ONLU SINIFLANDIRMA NUMARASI
Sınıflandırma Numarası 320.54
Ürün Numarası U58t 2013
090 ## - SINIFLAMA NUMARASI
Sınıflama Numarası 320.54 U58t 2013
100 ## - ANA GİRİŞ - KİŞİSEL İSİM
Kişisel Ad Özkırımlı, Umut
245 ## - BAŞLIK TABLOSU
Başlık Tarihin cenderesinde Yunanistan ve Türkiye'de milliyetçilik
Sorumluluk Tablosu, Vb Umut Özkırımlı, Spyros A. Sofos, çeviren; Sezin Tekin Özsakınç, Özlem Bülbül
260 ## - YAYIN, DAĞITIM, VB
Yayın, Dağıtım, Vb Yeri İstanbul
Yayıncı, Dağıtıcı, Vs Adı İstanbul Bilgi Üniversitesi Yayınları
Yayın, Dağıtım, Vb Tarihi 2013
300 ## - FİZİKSEL TANIM
Kapsam viii, 199 s.
Boyutlar 23 sm.
490 ## - SERİSİ TABLOSU
Seri Beyanı Tarih
Hacim / Ardışık Tanımı 47
490 ## - SERİSİ TABLOSU
Seri Beyanı İstanbul Bilgi Üniversitesi yayınları
Hacim / Ardışık Tanımı 441
504 ## - KAYNAKÇA VB NOT
Kaynakça Vb Notu Kaynakça ve dizin var.
650 ## - KONU KATMA GİRİŞ - TOPİKAL DÖNEM
Topikal Süreli Veya Coğrafi Ad Giriş Elemanı Ulusalcılık
Genel Alt Bölümü Tarih
Coğrafi Alt Bölümü Yunanistan
650 ## - KONU KATMA GİRİŞ - TOPİKAL DÖNEM
Topikal Süreli Veya Coğrafi Ad Giriş Elemanı Ulusalcılık
Genel Alt Bölümü Tarih
Coğrafi Alt Bölümü Türkiye
651 ## - KONU KATMA GİRİŞ - COĞRAFİ ADI
Coğrafi İsim Yunanistan
Genel Alt Bölümü Tarih
Kronolojik Alt Bölümü 20. yüzyıl
651 ## - KONU KATMA GİRİŞ - COĞRAFİ ADI
Coğrafi İsim Türkiye
Genel Alt Bölümü Tarih
Kronolojik Alt Bölümü 20. yüzyıl
700 ## - KATMA GİRİŞ - KİŞİSEL İSİM
Kişisel Ad Bülbül, Özlem
700 ## - KATMA GİRİŞ - KİŞİSEL İSİM
Kişisel Ad Özsakınç, Sezin Tekin
700 ## - KATMA GİRİŞ - KİŞİSEL İSİM
Kişisel Ad Sofos, Spyros A.
942 ## - EKLENDİ GİRİŞ ELEMANLARI (KOHA)
Sınıflandırma Veya Raf Düzeni Kaynak
Koha Öğesi Türü Books
999 ## - SİSTEM KONTROL NUMARALARI (KOHA)
Koha Biblionumber 10147
Koha Biblioitemnumber 10147
Holdings
Kalıcı Konum Mevcut Konum Edinme Tarihi Edinim Kaynak Toplam Check-Out'Lar Tam Çağrı Numarası Barkod Tarih Son Görülme İtibaren Geçerli Fiyatlar Koha Öğesi Türü
CHP Kütüphanesi CHP Kütüphanesi 09/06/2016 Bağış   320.54 U58t 2013 003294 09/06/2016 09/06/2016 Books